MARC details
| 000 -LEADER |
| fixed length control field |
02713nam a2200409 a 4500 |
| 001 - CONTROL NUMBER |
| control field |
8420 |
| 003 - CONTROL NUMBER IDENTIFIER |
| control field |
BD-DhEWU |
| 005 - DATE AND TIME OF LATEST TRANSACTION |
| control field |
20190625094923.0 |
| 008 - FIXED-LENGTH DATA ELEMENTS--GENERAL INFORMATION |
| fixed length control field |
180513s2014 cau g b 001 0 eng d |
| 020 ## - INTERNATIONAL STANDARD BOOK NUMBER |
| International Standard Book Number |
9781591589228 (pbk. : acidfree paper) |
|
| International Standard Book Number |
1591589223 |
|
| Cancelled/invalid ISBN |
9781591589235 (ebook) |
| 040 ## - CATALOGING SOURCE |
| Original cataloging agency |
DLC |
| Language of cataloging |
eng |
| Transcribing agency |
DLC |
| Description conventions |
rda |
| Modifying agency |
DLC |
| -- |
BD-DhEWU |
| 041 ## - LANGUAGE CODE |
| Language code of text/sound track or separate title |
eng |
| 050 00 - LIBRARY OF CONGRESS CALL NUMBER |
| Classification number |
Z678.9 |
| Item number |
.B54 2014 |
| 082 00 - DEWEY DECIMAL CLASSIFICATION NUMBER |
| Classification number |
025.00285 |
| Edition number |
23 |
| Item number |
BIL 2014 |
| 100 1# - MAIN ENTRY--PERSONAL NAME |
| Personal name |
Bilal, Dania. |
| 9 (RLIN) |
22479 |
| 245 10 - TITLE STATEMENT |
| Title |
Library automation : |
| Remainder of title |
core concepts and practical systems analysis / |
| Statement of responsibility, etc |
Dania Bilal ; foreword by Marshall Breeding. |
| 250 ## - EDITION STATEMENT |
| Edition statement |
3rd ed. |
| 260 ## - PUBLICATION, DISTRIBUTION, ETC. (IMPRINT) |
| Place of publication, distribution, etc |
Santa Barbara, Calif. : |
| Name of publisher, distributor, etc |
Libraries Unlimited, |
| Date of publication, distribution, etc |
2014 |
| 300 ## - PHYSICAL DESCRIPTION |
| Extent |
xxix, 279 p. ; |
| Dimensions |
26 cm. |
| 500 ## - GENERAL NOTE |
| General note |
Reshaped and expanded edition of: Automating media centers and small libraries. Second edition. 2002. |
| 504 ## - BIBLIOGRAPHY, ETC. NOTE |
| Bibliography, etc |
Includes bibliographical references and index. |
| 505 0# - FORMATTED CONTENTS NOTE |
| Formatted contents note |
Integrated library system (ILS) defined -- Library automation life cycle (LALC). Phase I, System identification and planning -- LALC phase 2 : gathering user requirements -- LALC phase 3. Structuring user requirements and selecting a system -- LALC phase 4. System implementation. Part 1. Preparing the collection for the integrated library system -- LALC phase 4. System implementation. Part II. Installation, testing, facility, training, and tracking system use -- Software, hardware, and network architecture -- System (ILS) migration -- LALC phase 5. Evaluating system use through usability -- Library automation "on the move". |
| Title |
TOC |
| 520 ## - SUMMARY, ETC. |
| Summary, etc |
Recent advances in technology such as cloud computing, recent industry standards such as RFID, bibliographic standards like RDA and BIBFRAME, the increased adoption of open source integrated library systems (ILS), and continued shift in users' expectations have increased the complexity of the decision regarding ILS for all types of libraries. |
| 526 ## - STUDY PROGRAM INFORMATION NOTE |
| Program name |
DIS |
| 590 ## - LOCAL NOTE (RLIN) |
| Local note |
Sagar Shahanawaz |
| 650 #0 - SUBJECT ADDED ENTRY--TOPICAL TERM |
| Topical term or geographic name as entry element |
Libraries |
| General subdivision |
Automation. |
| 9 (RLIN) |
15965 |
|
| Topical term or geographic name as entry element |
Integrated library systems (Computer systems) |
| 9 (RLIN) |
22480 |
|
| Topical term or geographic name as entry element |
Open source software |
| General subdivision |
Library applications. |
| 9 (RLIN) |
22481 |
|
| Topical term or geographic name as entry element |
LANGUAGE ARTS & DISCIPLINES / Library & Information Science / General. |
| Source of heading or term |
bisacsh |
| 9 (RLIN) |
20902 |
|
| Topical term or geographic name as entry element |
LANGUAGE ARTS & DISCIPLINES / Library & Information Science / Administration & Management. |
| Source of heading or term |
bisacsh |
| 9 (RLIN) |
22482 |
| 700 1# - ADDED ENTRY--PERSONAL NAME |
| Personal name |
Bilal, Dania, |
| Dates associated with a name |
1956- |
| Title of a work |
Automating media centers and small libraries. |
| 9 (RLIN) |
22483 |
| 856 42 - ELECTRONIC LOCATION AND ACCESS |
| Materials specified |
WorldCat details |
| Uniform Resource Identifier |
https://www.worldcat.org/title/library-automation-core-concepts-and-practical-systems-analysis/oclc/901447043&referer=brief_results |
| 942 ## - ADDED ENTRY ELEMENTS (KOHA) |
| Source of classification or shelving scheme |
Dewey Decimal Classification |
| Koha item type |
Text |
| Koha issues (borrowed), all copies |
3 |